|
|
|
|
| LEADER |
00000nas a2200000 i 4500 |
| 001 |
ssj0001072159 |
| 003 |
WaSeSS |
| 005 |
20200512172242.0 |
| 006 |
m d |
| 007 |
cr n |
| 008 |
130822c20139999si tr p s 0 a0eng c |
| 010 |
|
|
|a 2013268613
|
| 022 |
|
|
|a 2339-5206
|y 2339-5095
|
| 035 |
|
|
|a (WaSeSS)ssj0001072159
|
| 037 |
|
|
|b Institute of Southeast Asian Studies, 30 Heng Mui Keng Terrace, Pasir Panjang, Singapore, 119614 Singapore
|
| 037 |
|
|
|a 22573/ctt35b2mk
|b JSTOR
|
| 040 |
|
|
|a OH1
|b eng
|c OH1
|d TXA
|d SERSO
|d OCLCO
|d OCLCF
|d CUY
|d OCLCQ
|d TEF
|d AU@
|d WaSeSS
|
| 042 |
|
|
|a pcc
|
| 043 |
|
|
|a as-----
|
| 050 |
|
4 |
|a HC441
|
| 082 |
0 |
4 |
|a 338.95
|
| 245 |
0 |
0 |
|a Journal of Southeast Asian economies
|h [electronic resource].
|
| 246 |
1 |
|
|a JSEAE
|
| 260 |
|
|
|a [Singapore] :
|b Institute of Southeast Asian Studies,
|c 2013-
|
| 310 |
|
|
|a Three times a year
|
| 362 |
1 |
|
|a Began with: Volume 30, number 1 (April 2013).
|
| 506 |
|
|
|a License restrictions may limit access.
|
| 588 |
|
|
|a Description based on: Volume 30, number 1 (April 2013); title from PDF cover (Project MUSE, viewed Dec. 5, 2013).
|
| 588 |
|
|
|a Latest issue consulted: Volume 30, number 3 (December 2013) (Project MUSE, viewed Dec. 5, 2013).
|
| 610 |
2 |
0 |
|a ASEAN
|v Periodicals.
|
| 610 |
2 |
7 |
|a ASEAN.
|2 fast
|0 (OCoLC)fst00541528
|
| 650 |
|
7 |
|a Economic history.
|2 fast
|0 (OCoLC)fst00901974
|
| 650 |
|
7 |
|a Economic policy.
|2 fast
|0 (OCoLC)fst00902025
|
| 651 |
|
0 |
|a Southeast Asia
|x Economic conditions
|v Periodicals.
|
| 651 |
|
0 |
|a Southeast Asia
|x Economic policy
|v Periodicals.
|
| 651 |
|
7 |
|a Southeast Asia.
|2 fast
|0 (OCoLC)fst01240499
|
| 655 |
|
0 |
|a Electronic journals.
|
| 710 |
2 |
|
|a Institute of Southeast Asian Studies.
|
| 776 |
0 |
8 |
|i Print version:
|t Journal of Southeast Asian economies
|x 2339-5095
|w (DLC) 2015222518
|w (OCoLC)839667429
|
| 780 |
0 |
0 |
|t ASEAN economic bulletin (Online)
|x 1793-2831
|w (DLC) 2011235488
|w (OCoLC)50576284
|
| 856 |
4 |
0 |
|z Full text available from Research Library: 2013 to present
|u https://search.proquest.com/publication/3570
|